000 00383 a2200157 4500
001 49569
020 _a8532238025
040 _cAnchieta - Bela Vista
100 _aTexeira,Martins Rodrigues
240 1 0 _aMatemática em mil e uma histórias
_lpor
245 1 0 _aMatemática em mil e uma histórias
300 _a31
362 0 _a1999
650 4 _aLiteratura juvenil
942 _cBK
999 _c49569
_d49569